000 01494nam a2200457 i 4500
001 15742
003 KOSZ 005
005 20191021094928.0
008 021211s1974 pl a f |000 0 pol
015 _aPB 1975/754
035 _a991019960849705066
035 _a(PL-WaBN)b1541047x-48omnis_nlop
035 _ab1541047x
035 _a(OCoLC)830377760
035 _a(PL)b0000001541047
035 _a(EXLNZ-48OMNIS_NETWORK)9910250704005606
040 _aWA N
_cWA N
_dKOSZ 005/EG
041 0 _apol
046 _k1961
080 _a621.9
245 1 0 _aObrabiarki do skrawania metali :
_bpraca zbiorowa /
_c[aut. M. W. Balul et al.].
250 _aWyd. 2 całk. zmienione
260 _aWarszawa :
_bWydawnictwa Naukowo-Techniczne,
_c1974.
300 _a1280 s., [1] s. tabl. :
_bil., tab., wykr. ;
_c25 cm.
336 _2rdacontent
_aTekst
_btxt
337 _2rdamedia
_aBez urządzenia pośredniczącego
_bn
338 _2rdacarrier
_aWolumin
_bnc
380 _aKsiążki
380 _aPublikacje fachowe
388 _a1901-2000
388 _a1945-1989
504 _aBibliogr.
650 7 _aNarzędzia skrawające
_2DBN
650 7 _aObrabiarka
_2DBN
658 _aInżynieria i technika
700 1 _aBalul, Marian Wiktor
_eAutor
710 2 _aWydawnictwa Naukowo-Techniczne
_4pbl
856 _uhttp://koha.tu.koszalin.pl/cgi-bin/koha/opac-detail.pl?biblionumber=15742
_yKatalog online BPK
942 _2UKD
_cKS
999 _c15742
_d15742